JetPunk Discord Members by Highest Total Level - Statistics

General Stats
  • This quiz has been taken 21 times
  • The average score is 4 of 10
Answer Stats
# Member Lvl % Correct
1. Gassu 305
79%
7. Stewart 116
74%
2. SaturnTheQuizzer 193
47%
6. CringeDragon 127
37%
9. Quizzer6794 109
37%
4. Devvik2 141
21%
3. lele20 153
21%
5. Penguinish 131
21%
8. rawe 110
21%
10. Stef2 103
16%
No matching quizzes found
Score Distribution
Percent of People with Each Score
Percentile by Number Answered
Your Score History
You have not taken this quiz